Liderando la revolución

Saved in:
Bibliografiske detaljer
Hovedforfatter: Hamel, Gary
Format: Bog
Sprog:spansk
Udgivet: Bogotá Norma 2000
Fag:
Tags: Tilføj Tag
Ingen Tags, Vær først til at tagge denne postø!

MARC

LEADER 00000nam a2200000 a 4500
001 UCM4025
003 CL-VaPUC
008 020726e20000000CK |||||||||||||||||spa|d
082 0 4 |a 658.4012  |b HAM  |2 21 
100 |a Hamel, Gary  |9 616382 
245 1 0 |a Liderando la revolución 
300 |a 437 p 
942 |c BK 
945 |d 20020726 00:00:00  |a vberengu 
260 |a Bogotá  |b Norma  |c 2000 
650 0 |a Planificación estratégica   |9 259735 
650 7 |a INNOVACIONES TECNOLOGICAS  |2 CL-VaPUC  |9 470532 
583 |a last modification  |c 20160914 11:58:43  |k Rodrigo Vera 
999 |c 300940  |d 300938 
952 |0 0  |1 0  |4 0  |6 658_401200000000000_HAM_2000  |7 0  |8 A  |9 359377  |a BIBENE  |b BIBENE  |d 2019-11-21  |i 3830047  |o 658.4012 HAM 2000  |p 3830047  |r 2025-01-15  |w 2019-11-21  |y BK  |k ICO